Normal view MARC view

Entry Nombre personal

Number of records used in: 34

001 - NÚMERO DE CONTROL

  • campo de control: 23701

003 - IDENTIFICADOR DE NÚMERO DE CONTROL

  • campo de control: SpMaBN

005 - FECHA Y HORA DE LA ÚLTIMA TRANSACCIÓN

  • campo de control: 20250701025110.0

008 - ELEMENTOS DE DATO DE LONGITUD-FIJA

  • campo de control de longitud fija: 901120nn azznnaabn a aaa

016 ## - NÚMERO DE CONTROL DE UNA AGENCIA BIBLIOGRÁFICA NACIONAL

  • Número de control del registro: BNE19900019404

024 7# - IDENTIFICADOR DE OTROS ESTÁNDARES

  • Número estándar o código: http://viaf.org/viaf/46756659/
  • Fuente: viaf

024 8# - IDENTIFICADOR DE OTROS ESTÁNDARES

  • Número estándar o código: https://data.cervantesvirtual.com/person/8466

024 7# - IDENTIFICADOR DE OTROS ESTÁNDARES

  • Número estándar o código: https://isni.org/isni/0000000121308942
  • Fuente: isni

024 7# - IDENTIFICADOR DE OTROS ESTÁNDARES

  • Número estándar o código: http://www.wikidata.org/entity/Q75603
  • Fuente: wikidata

040 ## - FUENTE DE CATALOGACIÓN

  • Centro catalogador/agencia de origen: SpMaBN
  • Lengua de catalogación: spa
  • Centro/agencia transcriptor: SpMaBN
  • Normas de descripción: rdc
  • Convención/Normas de encabezamiento de materia/tesauro: embne

046 ## - FECHAS CON CODIFICACIÓN ESPECIAL

  • Fecha de nacimiento: 1899
  • Fecha de la muerte: 1974

100 1# - ENCABEZAMIENTO-NOMBRE DE PERSONA

  • Nombre de persona: Asturias, Miguel Ángel,
  • Fechas asociadas al nombre: 1899-1974

370 ## - LUGAR ASOCIADO

  • Lugar de nacimiento: Ciudad de Guatemala
  • Fuente de información: Wikidata

372 ## - CAMPO DE ACTIVIDAD

  • Campo de actividad: Novela
  • Fuente de información: Wikidata

373 ## - GRUPO ASOCIADO

  • Grupo asociado: Generación del 20
  • Grupo asociado: Realismo mágico
  • Grupo asociado: Surrealismo
  • Fuente de información: Wikidata

374 ## - OCUPACIÓN

  • Ocupación: Politicos
  • Ocupación: Periodistas
  • Ocupación: Diplomáticos
  • Ocupación: Escritores
  • Ocupación: Poetas
  • Fuente de información: Wikidata

375 ## - GÉNERO/SEXO

  • Género: Masculino

377 ## - IDIOMA ASOCIADO

  • Término de lengua/lenguaje: Español

400 1# - TRAZADO DE VÉASE--NOMBRE DE PERSONA

  • Nombre de persona: Asturias, M. A.,
  • Fechas asociadas al nombre: 1899-1974

400 1# - TRAZADO DE VÉASE--NOMBRE DE PERSONA

  • Nombre de persona: Asturias, Miguel A.,
  • Fechas asociadas al nombre: 1899-1974

670 ## - FUENTE DE DATOS ENCONTRADOS

  • Cita de la fuente: El señor presidente, 1995
  • Información encontrada: port. (Miguel Ángel Asturias) contraport. (n. en Guatemala en 1899, m. en Madrid en 1974)

670 ## - FUENTE DE DATOS ENCONTRADOS

  • Cita de la fuente: Villancicos [Grabación sonora], 1971
  • Información encontrada: (M.A. Asturias)

670 ## - FUENTE DE DATOS ENCONTRADOS

  • Cita de la fuente: Comiendo en Hungría, 2010
  • Información encontrada: port. (Miguel A. Asturias)

670 ## - FUENTE DE DATOS ENCONTRADOS

  • Cita de la fuente: Los ojos de los enterrados, 2016
  • Información encontrada: port. (Miguel Ángel Asturias) p. [2] (se le concedió el Premio Nobel de Literatura en 1967 por su novela "El señor presidente"; es considerado como el creador del realismo mágico hispanoamericano; escribió narrativa, teatro y poesía)